<?xml version="1.0" encoding="UTF-8"?><?xml-stylesheet type="text/xsl" href="static/style.xsl"?><OAI-PMH xmlns="http://www.openarchives.org/OAI/2.0/" xmlns:xsi="http://www.w3.org/2001/XMLSchema-instance" xsi:schemaLocation="http://www.openarchives.org/OAI/2.0/ http://www.openarchives.org/OAI/2.0/OAI-PMH.xsd"><responseDate>2026-04-17T10:19:11Z</responseDate><request verb="GetRecord" identifier="oai:www.recercat.cat:2445/172581" metadataPrefix="marc">https://recercat.cat/oai/request</request><GetRecord><record><header><identifier>oai:recercat.cat:2445/172581</identifier><datestamp>2025-12-04T21:06:01Z</datestamp><setSpec>com_2072_1057</setSpec><setSpec>col_2072_478818</setSpec><setSpec>col_2072_478917</setSpec></header><metadata><record xmlns="http://www.loc.gov/MARC21/slim" xmlns:dcterms="http://purl.org/dc/terms/" xmlns:xsi="http://www.w3.org/2001/XMLSchema-instance" xmlns:doc="http://www.lyncode.com/xoai" xsi:schemaLocation="http://www.loc.gov/MARC21/slim http://www.loc.gov/standards/marcxml/schema/MARC21slim.xsd">
   <leader>00925njm 22002777a 4500</leader>
   <datafield ind2=" " ind1=" " tag="042">
      <subfield code="a">dc</subfield>
   </datafield>
   <datafield ind2=" " ind1=" " tag="720">
      <subfield code="a">Vernet Pons, Mariona</subfield>
      <subfield code="e">author</subfield>
   </datafield>
   <datafield ind2=" " ind1=" " tag="260">
      <subfield code="c">2020-12-07T11:39:49Z</subfield>
   </datafield>
   <datafield ind2=" " ind1=" " tag="260">
      <subfield code="c">2020-12-07T11:39:49Z</subfield>
   </datafield>
   <datafield ind2=" " ind1=" " tag="260">
      <subfield code="c">2010-01-01</subfield>
   </datafield>
   <datafield ind2=" " ind1=" " tag="260">
      <subfield code="c">2020-12-07T11:39:49Z</subfield>
   </datafield>
   <datafield ind2=" " ind1=" " tag="520">
      <subfield code="a">abí de Josep Carner ha estat considerat com el més complex i ric dels seus llibres, i aquell en què més tracta les seves preocupacions religioses, metafísiques i filosòfiques. El poema abí  mot hebreu que significa profeta o torsimany de Déu  fou publicat el 1941 a Buenos Aires i Carner hi replanteja de manera genial l'episodi bíblic del profeta Jonàs. El procés de redacció en què fou concebuda l'obra és una mica el reflex de la vida itinerant del poeta: segons indica A. Manent (19822 : 276), "el poema fou concebut a Hendaia, continuat a Beirut, reprès a París i sembla que el poeta l'acabà en els temps de la guerra civil i el donà com a definitiu durant l'època d'arribada a Mèxic"...</subfield>
   </datafield>
   <datafield tag="653" ind2=" " ind1=" ">
      <subfield code="a">Carner, Josep, 1884-1970. Nabí</subfield>
   </datafield>
   <datafield ind2="0" ind1="0" tag="245">
      <subfield code="a">Nabí de Josep Carner: una nova interpretació</subfield>
   </datafield>
</record></metadata></record></GetRecord></OAI-PMH>